<?xml version="1.0" encoding="UTF-8"?>
<record
    xmlns:xsi="http://www.w3.org/2001/XMLSchema-instance"
    xsi:schemaLocation="http://www.loc.gov/MARC21/slim http://www.loc.gov/standards/marcxml/schema/MARC21slim.xsd"
    xmlns="http://www.loc.gov/MARC21/slim">

  <leader>01528nam a22002297a 4500</leader>
  <controlfield tag="005">20250417120157.0</controlfield>
  <controlfield tag="008">250417b        |||||||| |||| 00| 0 eng d</controlfield>
  <datafield tag="020" ind1=" " ind2=" ">
    <subfield code="a">9789367478431</subfield>
  </datafield>
  <datafield tag="040" ind1=" " ind2=" ">
    <subfield code="c">AL</subfield>
  </datafield>
  <datafield tag="041" ind1=" " ind2=" ">
    <subfield code="a">eng</subfield>
  </datafield>
  <datafield tag="082" ind1=" " ind2=" ">
    <subfield code="2">23</subfield>
    <subfield code="a">158.3 NIRU</subfield>
  </datafield>
  <datafield tag="100" ind1=" " ind2=" ">
    <subfield code="a">Shobhit Nirwan</subfield>
    <subfield code="9">208538</subfield>
  </datafield>
  <datafield tag="245" ind1=" " ind2=" ">
    <subfield code="a">Unbarbaad:</subfield>
    <subfield code="b">For those who feel Lost</subfield>
  </datafield>
  <datafield tag="260" ind1=" " ind2=" ">
    <subfield code="a">Manipal</subfield>
    <subfield code="b">Shobhit Nirwan</subfield>
    <subfield code="c">2025</subfield>
  </datafield>
  <datafield tag="300" ind1=" " ind2=" ">
    <subfield code="a">120p.</subfield>
    <subfield code="b">PB</subfield>
    <subfield code="c">20x13cm.</subfield>
  </datafield>
  <datafield tag="365" ind1=" " ind2=" ">
    <subfield code="2">English</subfield>
    <subfield code="a">DEL4-5711994</subfield>
    <subfield code="b">240.00</subfield>
    <subfield code="c">&#x20B9;</subfield>
    <subfield code="d">240.00</subfield>
    <subfield code="f">21-03-2025</subfield>
  </datafield>
  <datafield tag="520" ind1=" " ind2=" ">
    <subfield code="a">Relatable &amp; Real-Life Student Survival Guide
Unbarbaad is based on real student experiences and provides solutions that actually work. Shobhit Nirwan shares his personal journey and struggles to help students overcome academic confusion.
Storytelling with Humor &amp; Motivation
Unlike boring self-help books, Unbarbaad presents its lessons through a storytelling format, making it fun, engaging, and easy to read.
Practical Study Strategies &amp; Life Lessons
The book provides step-by-step guidance on how to study effectively, manage time, and develop a positive mindset, making it a must-read for Class 11 and 12 students.
Written by India&#x2019;s Leading Student Mentor
Shobhit Nirwan, popularly known as Shobhit Bhaiya, is a trusted mentor with over 6 million followers. His study strategies and motivational content have helped thousands of students excel in their academics.</subfield>
  </datafield>
  <datafield tag="650" ind1=" " ind2=" ">
    <subfield code="a">Psychology</subfield>
    <subfield code="9">208532</subfield>
  </datafield>
  <datafield tag="650" ind1=" " ind2=" ">
    <subfield code="a">Physical and Mental Health</subfield>
    <subfield code="9">208533</subfield>
  </datafield>
  <datafield tag="650" ind1=" " ind2=" ">
    <subfield code="a">Stream Selection</subfield>
    <subfield code="9">208534</subfield>
  </datafield>
  <datafield tag="942" ind1=" " ind2=" ">
    <subfield code="2">ddc</subfield>
    <subfield code="c">BK</subfield>
  </datafield>
  <datafield tag="999" ind1=" " ind2=" ">
    <subfield code="c">234183</subfield>
    <subfield code="d">234183</subfield>
  </datafield>
  <datafield tag="952" ind1=" " ind2=" ">
    <subfield code="0">0</subfield>
    <subfield code="1">0</subfield>
    <subfield code="2">ddc</subfield>
    <subfield code="4">0</subfield>
    <subfield code="7">0</subfield>
    <subfield code="8">ENG</subfield>
    <subfield code="a">AL</subfield>
    <subfield code="b">AL</subfield>
    <subfield code="d">2025-03-28</subfield>
    <subfield code="e">amazon.in</subfield>
    <subfield code="g">240.00</subfield>
    <subfield code="l">0</subfield>
    <subfield code="o">158.3 NIRU</subfield>
    <subfield code="p">077661</subfield>
    <subfield code="r">2025-04-17 11:52:03</subfield>
    <subfield code="v">240.00</subfield>
    <subfield code="w">2025-04-17</subfield>
    <subfield code="y">BK</subfield>
  </datafield>
</record>
